| 000 | 00785nam a2200253 i 4500 | ||
|---|---|---|---|
| 001 | bgj | ||
| 100 | 1 | _aADONIS, Andrew | |
| 245 | 1 | 0 |
_aA class act : _bthe myth of Britain's classless society / _cAndrew Adonis and Stephen Pollard. |
| 260 |
_aLondon : _bPenguin Books, _c1998. |
||
| 300 |
_aXXV, 308 pp ; _c20 cm. |
||
| 500 | _aOriginally published: London: Hamish Hamilton, 1997. | ||
| 504 | _aBibliogr. p. 279-297. | ||
| 505 | _aIncl. index. | ||
| 650 | 9 |
_aSocial classes _zGreat Britain |
|
| 650 | 9 |
_aSocial structure _zGreat Britain |
|
| 651 | 9 |
_aGreat Britain _xSocial conditions _y1945- |
|
| 700 | 1 | _aPOLLARD, Stephen | |
| 020 | _a0140261001 | ||
| 040 | _cBPK | ||
| 041 | 0 | _aeng | |
| 920 | _a0-14-026100-1 | ||
| 942 | _cKS | ||
| 008 | s uk f |000 0 eng | ||
| 999 |
_c49273 _d49273 |
||